| 000 | 00617nam a22002057a 4500 | ||
|---|---|---|---|
| 999 |
_c19375 _d19375 |
||
| 003 | AR-CdUCM | ||
| 008 | 190304b ||||| |||| 00| 0 eng d | ||
| 040 |
_aMUNICIPALIDAD PROVINCIAL DEL CUSCO _cBIBLIOTECA MUNICIPAL DEL CUSCO |
||
| 082 |
_a985.612 / _bC13 |
||
| 245 |
_aMachu Picchu : _bSabred City / |
||
| 260 |
_aCusco : _bPiki, |
||
| 300 |
_a52 páginas. _c23 cm. |
||
| 440 |
_aSerie Perulibros ; _98721 |
||
| 650 |
_aEl imperio Incaico _98722 |
||
| 650 |
_aMachupicchu _91751 |
||
| 650 |
_aTexto en ingles _933481 |
||
| 710 |
_aMarvel of the World _940685 |
||
| 942 |
_2ddc _cLIBROS |
||
| 945 |
_arjall _d2019-05-17 |
||